<?xml version="1.0" encoding="UTF-8"?>
<marc:record xmlns:marc="http://www.loc.gov/MARC21/slim">
   <marc:leader>00000nam a2200000 a 4500</marc:leader>
   <marc:datafield ind1="1" ind2=" " tag="100">
      <marc:subfield code="a">Riordan, Rick</marc:subfield>
      <marc:subfield code="4">aut</marc:subfield>
      <marc:subfield code="e">Verfasser/-in</marc:subfield>
   </marc:datafield>
   <marc:datafield ind1="1" ind2=" " tag="100">
      <marc:subfield code="a">Haefs, Gabriele</marc:subfield>
      <marc:subfield code="4">trl</marc:subfield>
      <marc:subfield code="e">Übersetzer/-in</marc:subfield>
   </marc:datafield>
   <marc:datafield ind1=" " ind2=" " tag="653">
      <marc:subfield code="a">Götter</marc:subfield>
   </marc:datafield>
   <marc:datafield ind1=" " ind2=" " tag="653">
      <marc:subfield code="a">Percy Jackson</marc:subfield>
   </marc:datafield>
   <marc:datafield ind1="0" ind2="0" tag="245">
      <marc:subfield code="a">Die dunkle Prophezeiung</marc:subfield>
   </marc:datafield>
   <marc:datafield ind1="0" ind2="0" tag="245">
      <marc:subfield code="b">¬Die¬ Abenteuer des Apollo</marc:subfield>
   </marc:datafield>
   <marc:datafield ind1="0" ind2="0" tag="245">
      <marc:subfield code="c">Rick Riordan</marc:subfield>
   </marc:datafield>
   <marc:datafield ind1=" " ind2="1" tag="264">
      <marc:subfield code="a">Hamburg</marc:subfield>
      <marc:subfield code="b">Carlsen</marc:subfield>
      <marc:subfield code="c">2018</marc:subfield>
   </marc:datafield>
   <marc:datafield ind1="1" ind2=" " tag="490">
      <marc:subfield code="a">¬Die¬ Abenteuer des Apollo</marc:subfield>
      <marc:subfield code="v">Bd. 02</marc:subfield>
   </marc:datafield>
   <marc:datafield ind1="1" ind2=" " tag="520">
      <marc:subfield code="a">Fortsetzung von "Das verborgene Orakel" (ID-A 40/17) und damit Teil 2 des "Helden des Olymp"-Spin-offs. Der Gott Apollo ist noch immer im Körper eines sterblichen Teenies gefangen. Nach einem Defekt ihres mechanischen Drachens müssen er und seine Freunde im mittleren Westen der USA notlanden. Natürlich stehen dort bereits die nächsten Quests der Heldenreise an. Zwischen viel Gefrotzel bewältigen die Charaktere um Ich-Erzähler Apollo lässig eine Gefahr nach der anderen - auch wenn es hin und wieder brenzlig wird. Aneinanderreihung von Actionsequenzen mit humorigen Dialogen. Riordan mischt auch hier wieder munter Verweise auf die griechische Mythologie mit Zitaten aller möglichen popkulturellen Genres. Die Handlung ist kein komplex gewebter Plot, sondern eine simple Situationsabfolge, bleibt also grenretypisch eher oberflächlich. Dafür ist das Ergebnis durchaus recht unterhaltsam. Die Kapitel sind jeweils durch ein Haiku eingeleitet. Ergänzend findet sich ein umfangreiches Glossar. Zur Fortsetzung.</marc:subfield>
   </marc:datafield>
   <marc:datafield ind1=" " ind2=" " tag="020">
      <marc:subfield code="a">9783551556899</marc:subfield>
      <marc:subfield code="9">9783551556899</marc:subfield>
   </marc:datafield>
   <marc:datafield ind1=" " ind2=" " tag="020">
      <marc:subfield code="a">355155689X</marc:subfield>
      <marc:subfield code="9">355155689X</marc:subfield>
   </marc:datafield>
   <marc:datafield ind1=" " ind2=" " tag="300">
      <marc:subfield code="a">443 S.</marc:subfield>
   </marc:datafield>
</marc:record>
